LEADER 03692nam 2200649 450 001 9910461425603321 005 20200917021826.0 010 $a3-11-044536-0 010 $a3-11-044562-X 024 7 $a10.1515/9783110445626 035 $a(CKB)3710000000482433 035 $a(EBL)4006864 035 $a(SSID)ssj0001543293 035 $a(PQKBManifestationID)16135723 035 $a(PQKBTitleCode)TC0001543293 035 $a(PQKBWorkID)14366536 035 $a(PQKB)10360994 035 $a(MiAaPQ)EBC4006864 035 $a(DE-B1597)457247 035 $a(OCoLC)945755531 035 $a(OCoLC)952807775 035 $a(DE-B1597)9783110445626 035 $a(EXLCZ)993710000000482433 100 $a20151124h20152015 uy 0 101 0 $aeng 135 $aur|nu---|u||u 181 $ctxt 182 $cc 183 $acr 200 10$aTowards a theory of epistemically significant perception $ehow we relate to the world /$fNadja El Kassar 210 1$aBerlin, [Germany] :$cDe Gruyter,$d2015. 210 4$dİ2015 215 $a1 online resource (376 p.) 225 1 $aIdeen & Argumente,$x1862-1147 300 $aDescription based upon print version of record. 311 $a3-11-057827-1 311 $a3-11-044521-2 320 $aIncludes bibliographical references and indexes. 327 $tFront matter --$tAcknowledgments --$tContents --$tIntroduction --$tPart I Conceptualism --$t1 Introducing Conceptualism --$t2 Examining Non-Conceptualist Arguments against Conceptualism --$t3 Examining McDowell's Revised Conceptualism --$tPart II Relationism --$t4 Relationism: Perception as Conscious Acquaintance --$t5 Relationism as Anti-Representationalism --$t6 Why McDowell's Revised Conceptualism Does Not Avoid Travis's Anti-Representationalist Criticism --$tPart III Relational Conceptualism --$t7 Relational Conceptualism: a Theory of Epistemically Significant Perception --$t8 Possible Objections against Relational Conceptualism --$tPart IV. Relational Conceptualism and Empirical Science --$t9 Broadening the Scope of Relational Conceptualism --$tReferences --$tAuthor Index --$tSubject Index 330 $aHow does perceptual experience make us knowledgeable about the world? In this book Nadja El Kassar argues that an informed answer requires a novel theory of perception: perceptual experience involves conceptual capacities and consists in a relation between a perceiver and the world. Contemporary theories of perception disagree about the role of content and conceptual capacities in perceptual experience. In her analysis El Kassar scrutinizes the arguments of conceptualist and relationist theories, thereby exposing their limitations for explaining the epistemic role of perceptual experience. Against this background she develops her novel theory of epistemically significant perception. Her theory improves on current accounts by encompassing both the epistemic role of perceptual experiences and its perceptual character. Central claims of her theory receive additional support from work in vision science, making this book an original contribution to the philosophy of perception. 410 0$aIdeen & Argumente. 606 $aPerception (Philosophy) 606 $aConceptualism 606 $aRelationism 608 $aElectronic books. 615 0$aPerception (Philosophy) 615 0$aConceptualism. 615 0$aRelationism. 676 $a121/.34 700 $aEl Kassar$b Nadja$f1984-$01005149 801 0$bMiAaPQ 801 1$bMiAaPQ 801 2$bMiAaPQ 906 $aBOOK 912 $a9910461425603321 996 $aTowards a theory of epistemically significant perception$92310332 997 $aUNINA LEADER 00928nam a2200241 i 4500 001 991000147479707536 005 20020503114714.0 008 010309s|||| ||| ||| | ita 020 $a8477826269 035 $ab10037160-39ule_inst 035 $aocm00001746$9ExL 040 $aDip.to Beni Culturali$bita 100 1 $aBarral I Altet, Xavier$0151932 245 10$aVitralls medievals de Catalunya :$bfotografies de Roman Roca junyent corpus vitrearum Medii Aevi. Catalunya /$cXavier Barral I Altet 260 $aBarcelona :$bLunwerg,$c2000 300 $a271 p. :$bill. 650 4$aVetrate medievali 907 $a.b10037160$b21-09-06$c31-05-02 912 $a991000147479707536 945 $aLE001 AR VI 106 4?$g1$i2001000017867$lle001$o-$pE0.00$q-$rl$s- $t0$u0$v0$w0$x0$y.i10040419$z31-05-02 996 $aVitralls medievals de Catalunya$9177447 997 $aUNISALENTO 998 $ale001$b01-01-01$cm$da $e-$feng$gxx $h0$i1 LEADER 05285nam 2200649Ia 450 001 9911004855803321 005 20200520144314.0 010 $a1-282-71182-2 010 $a1-282-00249-X 010 $a9786612711824 010 $a9786612002496 010 $a0-8155-1727-0 035 $a(CKB)111056552542918 035 $a(EBL)421153 035 $a(OCoLC)808778009 035 $a(SSID)ssj0000071959 035 $a(PQKBManifestationID)11123246 035 $a(PQKBTitleCode)TC0000071959 035 $a(PQKBWorkID)10090521 035 $a(PQKB)10148010 035 $a(MiAaPQ)EBC421153 035 $a(EXLCZ)99111056552542918 100 $a19991217d2000 uy 0 101 0 $aeng 135 $aur|n|---||||| 181 $ctxt 182 $cc 183 $acr 200 10$aFluoroplastics$b[electronic resource] $ethe definitive user's guide and databook$hVolume 1$iMelt processible fluoropolymers /$fSina Ebnesajjad 210 $aNorwich, NY $cPlastics Design Library$dc2000 215 $a1 online resource (371 p.) 225 1 $aPDL handbook series 300 $aDescription based upon print version of record. 311 $a0-08-095051-5 311 $a1-884207-84-7 320 $aIncludes bibliographical references and index. 327 $aFront Cover; Fluoroplastics Volume 1: Non-Melt Processible Fluoroplastics, The Definitive User's Guide and Databook; Copyright Page; Acknowledgments; Preface; Table of Contents; Introduction; PART I; Chapter 1 Fundamentals; 1.1 Introduction; 1.2 What are Fluoropolymers?; 1.3 Fundamental Properties of Fluoropolymers; 1.4 Developmental History of Fluoropolymers; 1.5 Examples of Uses of Fluoropolymers; References; Chapter 2 Fluoropolymers: Properties and Structure; 2.1 Introduction; 2.2 Impact of F and C-F Bond on the Properties of PTFE 327 $a2.3 Disturbing the PTFE Structure: Perfluorinated Ethylene-Propylene Copolymer (FEP) and Polychlorotrifluoroethylene2.4 Reaction Mechanism; 2.5 Effect of Solvents on Fluoropolymers; 2.6 Molecular Interaction of Fluoropolymers: Low Friction and Low Surface Energy; 2.7 Conformations and Transitions of Polytetrafluoroethylene; 2.8 Conformations and Transitions of Polychlorotrifluoroethylene (PCTFE); References; Chapter 3 Operational Classification of Fluoropolymers; 3.1 Introduction; 3.2 TFE Homopolymers; 3.3 TFE Copolymers; 3.4 CTFE Polymers; 3.5 Vinylidene Fluoride Polymers 327 $a3.6 Vinyl Fluoride Polymers3.7 Process Classification; References; Chapter 4 Fluoropolymer Monomers; 4.1 Introduction; 4.2 Synthesis of Tetrafluoroethylene; 4.3 Properties of Tetrafluoroethylene; 4.4 Synthesis of Hexafluoropropylene; 4.5 Properties of Hexafluoropropylene; 4.6 Synthesis of Perfluoroalkylvinylethers; 4.7 Properties of Perfluoroalkylvinylethers; 4.8 Synthesis of Chlorotrifluoroethylene; 4.9 Properties of Chlorotrifluoroethylene; References; Chapter 5 Homofluoropolymer Polymerization and Finishing; 5.1 Introduction; 5.2 Polymerization Mechanism; 5.3 Tetrafluoroethylene Polymers 327 $a5.4 Preparation of Polytetrafluoroethylene by Suspension Polymerization5.5 Preparation of Polytetrafluoroethylene by Dispersion Polymerization; 5.6 Chlorotrifluoroethylene Polymers and Polymerization; 5.7 Characterization of Polytetrafluoroethylene; 5.8 Characterization of Polychlorotrifluoroethylene; References; Chapter 6 Commercial Grades of Homofluoropolymers; 6.1 Introduction; 6.2 Granular PTFE; 6.3 PTFE Dispersions; 6.4 Fine Powder PTFE; 6.5 PCTFE Dispersions; 6.6 Polychlorotrifluoroethylene Polymers; 6.7 Fluoropolymer Manufacturers; References; PART II 327 $aChapter 7 Fabrication and Processing of Granular Polytetrafluoroethylene7.1 Introduction; 7.2 Resin Selection; 7.3 Compression Molding; 7.4 Automatic Molding; 7.5 Isostatic Molding; 7.6 Ram Extrusion; References; Chapter 8 Fabrication and Processing of Fine Powder Polytetrafluoroethylene; 8.1 Introduction; 8.2 Resin Handling and Storage; 8.3 Paste Extrusion Fundamentals; 8.4 Extrusion Aid or Lubricant; 8.5 Wire Coating; 8.6 Extrusion of Tubing; 8.7 Unsintered Tape; 8.8 Expanded PTFE Manufacturing; 8.9 Fine Powder Resin Selection; References 327 $aChapter 9 Fabrication and Processing of PTFE Dispersions 330 $aToday, a generational change is taking place in the fluoropolymer industry. The pioneers of PTFE developed an astonishing mass of basic and applied technical work. Now many of these experts are retiring and a new generation is taking their place. This new generation brings a plethora of skills, built upon the basic knowledge of fluoropolymer technology. Speaking to the needs of today's engineering and science students and practicing professionals, this book provides an in-depth treatment of homofluoropolymer polymerization and part fabrication technology. A comprehensive range of issue 410 0$aPDL handbook series. 606 $aFluoropolymers$vHandbooks, manuals, etc 606 $aPolymers$vHandbooks, manuals, etc 615 0$aFluoropolymers 615 0$aPolymers 676 $a668.4/1 700 $aEbnesajjad$b Sina$0494340 801 0$bMiAaPQ 801 1$bMiAaPQ 801 2$bMiAaPQ 906 $aBOOK 912 $a9911004855803321 996 $aFluoroplastics$9473246 997 $aUNINA LEADER 01536nas# 22003251i 450 001 UON00012487 005 20231205101939.784 011 $a0387-8082 100 $a20020107a1993 |0itac50 ba 101 $aeng 102 $aJP 105 $a|||| 1|||| 110 $aaA||||||||| 200 1 $aActa Sumerologica. Supplementary Series$fMiddle Eastern Culture Center in Japan 207 $a1(1993) -. Hiroshima : Middle Eastern Culture Center in Japan, 1993 - v. ; 26 cm 210 $a Annuale 215 $aPosseduto solo il vol. 1(1993) 422 1$1001UON00012486$12001 $aActa Sumerologica$fMiddle Eastern Culture Center in Japan$1205 $aHiroshima : The Middle Eastern Culture Center in Japan$1207 $a v. ; 26 cm$1210 $a Annuale$1215 $aDescrizione basata su: vol. 15(1993) 620 $dHiroshima$3UONL000311 686 $aJP$cGIAPPONE - PERIODICI$2A 686 $aSCAMBIO$cPeriodici - Scambio$2A 686 $aPERIODICI NON ATTIVI$cPERIODICI - NON ATTIVI$2A 712 02$aMiddle Eastern Culture Center in Japan$cHiroshima$3UONV009409 712 $aMiddle Eastern Culture Center in Japan$3UONV247536$4650 801 $aIT$bSOL$c20250808$gRICA 899 $aSIBA - SISTEMA BIBLIOTECARIO DI ATENEO$2UONSI$41(1993) -$cPer 1099 A ; 912 $aUON00012487 950 $aSIBA - SISTEMA BIBLIOTECARIO DI ATENEO$bSI 1(1993) -$dSI A Per 1099 A 1993 $eSI SA 76818 7 1993 996 $aActa Sumerologica. Supplementary Series$91321843 997 $aUNIOR